Canciones de "Los Beatles" - ¡Muerte Súbita! - Estadísticas

Estadísticas generales
  • Esta prueba ha sido intentada 3.130 veces
  • La puntuación promedio es 8 de 20
Answers on the Grid
Answers color-coded by a green-red scale on the quiz's grid according to % correct below.
All You Need Is Love
Back in the USA
Blackbird
Colonel Mustard
Come Together
Day Tripper
Dig a Donkey
Don't Let Me Down
Eleanor Rigby
Glass Potato
Help!
Helter Skelter
Here Comes The Sun
Hey Jude
I Am the Eggman
I Want To Hold Your Hand
I Won't
I'm Only Dreaming
Let It Be
Love Me Do
Oh! Honey
Paperback Writer
Penny Lane
Please Please Me
Raspberry Meadows
Revolution
Ride My Bike
Seven Days a Week
She Loves Me
Ticket to Ride
Waterloo Sunset
Yellow Submarine
Yesterday
 
Estadísticas de respuestas
Respuesta % Correcto
All You Need Is Love
84%
Let It Be
69%
Hey Jude
68%
Here Comes The Sun
63%
Help!
58%
Yellow Submarine
55%
Yesterday
48%
Come Together
47%
I Want To Hold Your Hand
42%
Don't Let Me Down
38%
Eleanor Rigby
38%
Blackbird
37%
Love Me Do
36%
Penny Lane
35%
Please Please Me
23%
Helter Skelter
20%
Revolution
19%
Day Tripper
18%
Paperback Writer
15%
Ticket to Ride
15%
No se encontraron pruebas coincidentes
Distribución de puntuación
Porcentaje de gente con cada puntuación
Porcentaje por número respondido
Historial de tus puntuaciones
No has intentado esta prueba.